capital qcm - Statistiques

Statistiques générales
  • Ce quiz a été pris 82 fois
  • Le résultat moyen est 3 sur 5
Statistiques - réponses
Question Réponse % Correct
capital de la Birmanie Myanmar
87%
capital du paraguay Asuncion
80%
capital du Liechtenstein Vaduz
60%
capital de Madagascar Antananarivo
47%
capital du Groenland Nuuk
47%
Aucun quiz correspondant
Distribution des résultats
% des personnes avec chaque résultat
Percentile par nombre de réponses
Votre historique - résultats
Vous n’avez pas pris ce quiz